00759 2200253 4500001002100000005001700021008004100038020001800079035002400097040001200121082001200133084001400145100002300159245013100182250001100313260003000324300003800354500003100392650001400423700002000437850001200457990001800469990001800487INLIS00000000001609320170317100207.0  a979-1305-22-6 0010-011600000000184 aYOPDYOG 223a150 a150 Smi R aSMITH, Jonathan A. aRethinking psychologyb: Dasar-dasar teoritis dan konseptual psikologi baruc/ Jonathan A. Smith ; penerjemah, Siwi Purwandari aCet. 1 aBandungbNusa Mediac2011 aviii, 351 hlm.b: ilus.c; 24 cm. aBibliografi : hlm. 312-345 aPsikologi aSiwi Purwandari aYOPDYOG a46384-PD/A.15 a53349-PD/A.17